| 000 | 00920nas a2200265 4500 | ||
|---|---|---|---|
| 001 | BR2013002090 | ||
| 003 | BR-BrBNA | ||
| 005 | 20231205122057.0 | ||
| 007 | ta | ||
| 008 | 230509b bl.|||p| |||| 00| 00por d | ||
| 040 |
_aBR-BrBNA _bpor _cBiblioteca Nacional de Agricultura |
||
| 041 | _a(Pt) | ||
| 072 | _aQ04 | ||
| 100 | 1 | _aMercadante, A.Z. | |
| 100 | 1 | _aRodriguez-Amaya, D. | |
| 245 | 1 | _aConfirmação da identidade da alfa-criptoxantina e incidência de carotenóides minoritários provitamínicos a em verduras folhosas verdes | |
| 650 | _aANÁLISE QUÍMICA | ||
| 650 | _aVALOR NUTRITIVO | ||
| 650 | _aCROMATOGRAFIA | ||
| 650 | _aESPECTROMETRIA | ||
| 773 | 0 |
_tCiência e Tecnologia de Alimentos (Brazil) _xISSN 1678-457X _g(May-Aug 2001), V. 21(2) p. 216-222 _wBR2013002090 |
|
| 856 | 4 | 0 | _uhttp://www.scielo.br/pdf/cta/v21n2/7470.pdf |
| 909 |
_a202311 _bLúcia _c55 _dLúcia Elande |
||
| 942 |
_2AGRIS _n0 _cANA |
||
| 999 |
_c226808 _d226808 |
||